000 00293nam a22001337a 4500
008 170407b xxu||||| |||| 00| 0 eng d
020 _a9788181475282
041 _aeng
080 _27TH
_a616
100 _a9
101 _aSHM
245 _aPATHOLOGIC BASIS DISEASE
_cKUMAR
942 _2udc
_cBK
999 _c10208
_d10208